[Event "DVM U12 2018"]
[Site "Magdeburg GER"]
[Date "2018.12.29"]
[Round "6"]
[White "Beck, Felix"]
[Black "Ellert, Stefan"]
[Result "1/2-1/2"]
[Termination "normal"]
[Board "2.4"]
[WhiteElo "1414"]
[BlackElo "1464"]
[WhiteClock "00:13:58"]
[BlackClock "00:25:07"]
[WhiteTeam "SF Nordost Berlin"]
[BlackTeam "SV Empor Berlin"]
[PlyCount "231"]
[WhiteFideId "16255364"]
[BlackFideId "16235029"]
[EventCountry "GER"]
[EventRounds "7"]
[EventType "team-swiss"]
[EventDate "2018.12.26"]

1. c4 {[%clk 1:30:58]} e5 {[%clk 1:30:41]} 2. g3 {[%clk 1:31:21]} d6 {[%clk
1:30:53]} 3. Bg2 {[%clk 1:31:36]} g6 {[%clk 1:31:05]} 4. Nc3 {[%clk 1:31:55]}
Bg7 {[%clk 1:31:11]} 5. e3 {[%clk 1:32:10]} Nh6 {[%clk 1:31:29]} 6. Nge2 {[%clk
1:29:19]} O-O {[%clk 1:28:12]} 7. O-O {[%clk 1:29:36]} f5 {[%clk 1:26:29]} 8.
d3 {[%clk 1:29:02]} c6 {[%clk 1:25:38]} 9. f4 {[%clk 1:28:49]} Nd7 {[%clk
1:23:02]} 10. a3 {[%clk 1:26:11]} a5 {[%clk 1:22:20]} 11. Qc2 {[%clk 1:22:41]}
Nf7 {[%clk 1:10:27]} 12. b3 {[%clk 1:21:23]} Nf6 {[%clk 1:09:28]} 13. Bb2
{[%clk 1:21:01]} Ng4 {[%clk 1:09:03]} 14. Qd2 {[%clk 1:15:42]} Qb6 {[%clk
1:08:48]} 15. Nd1 {[%clk 1:04:11]} Qxb3 {[%clk 1:08:13]} 16. Rb1 {[%clk
1:03:02]} Qb6 {[%clk 1:06:22]} 17. h3 {[%clk 1:02:39]} Nf6 {[%clk 1:05:45]} 18.
Ndc3 {[%clk 0:58:47]} Qc7 {[%clk 1:05:03]} 19. Kh2 {[%clk 0:56:57]} h6 {[%clk
1:04:38]} 20. a4 {[%clk 0:53:26]} Kh7 {[%clk 1:03:34]} 21. Ba3 {[%clk 0:52:10]}
Re8 {[%clk 1:01:54]} 22. Rb3 {[%clk 0:46:52]} Rb8 {[%clk 0:59:18]} 23. Rfb1
{[%clk 0:46:33]} Nh5 {[%clk 0:53:48]} 24. Rb6 {[%clk 0:40:48]} Ra8 {[%clk
0:51:58]} 25. R1b3 {[%clk 0:34:27]} exf4 {[%clk 0:49:04]} 26. exf4 {[%clk
0:32:20]} Nf6 {[%clk 0:37:26]} 27. Rb1 {[%clk 0:31:20]} g5 {[%clk 0:32:21]} 28.
d4 {[%clk 0:27:33]} Qe7 {[%clk 0:29:39]} 29. fxg5 {[%clk 0:22:18]} hxg5 {[%clk
0:29:20]} 30. Qd3 {[%clk 0:20:54]} g4 {[%clk 0:25:02]} 31. h4 {[%clk 0:20:37]}
Qe3 {[%clk 0:24:13]} 32. Qxe3 {[%clk 0:18:26]} Rxe3 {[%clk 0:24:20]} 33. Bc1
{[%clk 0:17:55]} Re7 {[%clk 0:23:27]} 34. Bf4 {[%clk 0:16:45]} Nh5 {[%clk
0:22:58]} 35. Rc1 {[%clk 0:15:40]} Nxf4 {[%clk 0:19:52]} 36. Nxf4 {[%clk
0:16:02]} Bxd4 {[%clk 0:19:57]} 37. Rbb1 {[%clk 0:16:01]} Ne5 {[%clk 0:17:43]}
38. Nce2 {[%clk 0:12:05]} Be3 {[%clk 0:17:27]} 39. Rc3 {[%clk 0:11:55]} Bxf4
{[%clk 0:17:41]} 40. Nxf4 {[%clk 0:12:20]} Ng6 {[%clk 0:14:41]} 41. Nxg6 {[%clk
0:12:15]} Kxg6 {[%clk 0:15:03]} 42. Rd3 {[%clk 0:12:29]} Be6 {[%clk 0:13:12]}
43. Rxd6 {[%clk 0:12:25]} Kf7 {[%clk 0:13:30]} 44. Rf1 {[%clk 0:10:28]} Rf8
{[%clk 0:10:39]} 45. c5 {[%clk 0:09:28]} Kg7 {[%clk 0:10:01]} 46. Re1 {[%clk
0:09:13]} Rfe8 {[%clk 0:09:49]} 47. Rf1 {[%clk 0:08:50]} Bc8 {[%clk 0:09:02]}
48. Rfd1 {[%clk 0:07:18]} Re2 {[%clk 0:08:08]} 49. Rd8 {[%clk 0:06:01]} Kf7
{[%clk 0:08:02]} 50. Kg1 {[%clk 0:03:01]} Rc2 {[%clk 0:07:15]} 51. Rxe8 {[%clk
0:26:07]} Kxe8 {[%clk 0:37:03]} 52. Re1+ {[%clk 0:26:29]} Kf7 {[%clk 0:36:57]}
53. Rd1 {[%clk 0:23:44]} Ke7 {[%clk 0:34:45]} 54. Re1+ {[%clk 0:22:20]} Be6
{[%clk 0:34:48]} 55. h5 {[%clk 0:20:39]} Kf6 {[%clk 0:34:00]} 56. h6 {[%clk
0:20:38]} Rd2 {[%clk 0:33:40]} 57. h7 {[%clk 0:18:10]} Rd8 {[%clk 0:33:57]} 58.
Rb1 {[%clk 0:17:58]} Bc8 {[%clk 0:33:59]} 59. Rf1 {[%clk 0:17:56]} Rh8 {[%clk
0:33:30]} 60. Rd1 {[%clk 0:18:13]} Ke7 {[%clk 0:33:17]} 61. Re1+ {[%clk
0:18:32]} Be6 {[%clk 0:33:41]} 62. Rb1 {[%clk 0:18:51]} Bc8 {[%clk 0:32:42]}
63. Re1+ {[%clk 0:19:15]} Kf6 {[%clk 0:32:23]} 64. Rd1 {[%clk 0:19:11]} Rxh7
{[%clk 0:32:40]} 65. Rd8 {[%clk 0:19:29]} Rc7 {[%clk 0:32:21]} 66. Kf2 {[%clk
0:19:07]} Be6 {[%clk 0:29:57]} 67. Ra8 {[%clk 0:19:22]} Bc4 {[%clk 0:30:13]}
68. Rxa5 {[%clk 0:18:27]} Ba6 {[%clk 0:30:35]} 69. Bf1 {[%clk 0:18:49]} Bxf1
{[%clk 0:30:37]} 70. Kxf1 {[%clk 0:19:14]} Ke5 {[%clk 0:30:01]} 71. Ra8 {[%clk
0:18:24]} Rf7 {[%clk 0:30:15]} 72. Rd8 {[%clk 0:18:11]} f4 {[%clk 0:30:02]} 73.
Kg2 {[%clk 0:16:19]} fxg3 {[%clk 0:25:46]} 74. Kxg3 {[%clk 0:16:38]} Rf3+
{[%clk 0:25:25]} 75. Kxg4 {[%clk 0:16:37]} Rf4+ {[%clk 0:25:42]} 76. Kg3 {[%clk
0:16:34]} Rxa4 {[%clk 0:26:02]} 77. Rd7 {[%clk 0:16:56]} Rb4 {[%clk 0:25:41]}
78. Kf3 {[%clk 0:17:02]} Rb5 {[%clk 0:25:58]} 79. Ke3 {[%clk 0:17:06]} Rb3+
{[%clk 0:26:06]} 80. Kd2 {[%clk 0:17:11]} Ke6 {[%clk 0:26:27]} 81. Rh7 {[%clk
0:12:23]} Kd5 {[%clk 0:26:34]} 82. Rh5+ {[%clk 0:12:37]} Kc4 {[%clk 0:26:43]}
83. Kc2 {[%clk 0:12:24]} Rb5 {[%clk 0:27:04]} 84. Rh4+ {[%clk 0:10:54]} Kxc5
{[%clk 0:27:24]} 85. Rh5+ {[%clk 0:11:18]} Kb6 {[%clk 0:27:46]} 86. Rh6 {[%clk
0:11:40]} Rc5+ {[%clk 0:27:47]} 87. Kb3 {[%clk 0:12:03]} Kb5 {[%clk 0:27:56]}
88. Rh4 {[%clk 0:12:05]} Ka6 {[%clk 0:27:05]} 89. Kb4 {[%clk 0:12:13]} Kb6
{[%clk 0:26:48]} 90. Rh6 {[%clk 0:12:22]} Rg5 {[%clk 0:26:20]} 91. Rh4 {[%clk
0:11:55]} Ka6 {[%clk 0:23:49]} 92. Rh6 {[%clk 0:11:35]} Ka7 {[%clk 0:22:42]}
93. Rf6 {[%clk 0:11:27]} Rd5 {[%clk 0:22:49]} 94. Rh6 {[%clk 0:11:33]} Kb8
{[%clk 0:22:38]} 95. Rh7 {[%clk 0:10:50]} b6 {[%clk 0:22:14]} 96. Kc4 {[%clk
0:11:05]} Kc8 {[%clk 0:22:25]} 97. Rg7 {[%clk 0:10:23]} Rd7 {[%clk 0:22:47]}
98. Rg8+ {[%clk 0:10:42]} Kb7 {[%clk 0:22:56]} 99. Rg6 {[%clk 0:11:06]} b5+
{[%clk 0:22:59]} 100. Kb4 {[%clk 0:10:49]} Kb6 {[%clk 0:23:19]} 101. Rh6 {[%clk
0:11:06]} Rd4+ {[%clk 0:23:36]} 102. Kc3 {[%clk 0:11:26]} Kc5 {[%clk 0:23:16]}
103. Rh5+ {[%clk 0:11:48]} Rd5 {[%clk 0:23:31]} 104. Rh4 {[%clk 0:12:15]} Rg5
{[%clk 0:23:32]} 105. Rh3 {[%clk 0:12:16]} b4+ {[%clk 0:23:46]} 106. Kb3 {[%clk
0:12:40]} Kb5 {[%clk 0:24:08]} 107. Rh4 {[%clk 0:12:13]} Rg3+ {[%clk 0:23:56]}
108. Kb2 {[%clk 0:12:37]} c5 {[%clk 0:24:16]} 109. Rh5 {[%clk 0:13:02]} Rd3
{[%clk 0:24:24]} 110. Kc2 {[%clk 0:13:17]} Kc4 {[%clk 0:24:47]} 111. Rxc5+
{[%clk 0:12:43]} Kxc5 {[%clk 0:24:04]} 112. Kxd3 {[%clk 0:13:07]} Kd5 {[%clk
0:24:26]} 113. Kc2 {[%clk 0:13:18]} Kc4 {[%clk 0:24:54]} 114. Kb2 {[%clk
0:13:39]} b3 {[%clk 0:25:14]} 115. Kb1 {[%clk 0:13:39]} Kb4 {[%clk 0:25:07]}
116. Kb2 {[%clk 0:13:58]} 1/2-1/2

[Event "DVM U12 2018"]
[Site "Magdeburg GER"]
[Date "2018.12.29"]
[Round "6"]
[White "Phan Trong, Dai"]
[Black "Klühs, Gustaf"]
[Result "1/2-1/2"]
[Termination "normal"]
[Board "3.1"]
[WhiteElo "1659"]
[BlackElo "1682"]
[WhiteClock "00:34:08"]
[BlackClock "00:43:18"]
[WhiteTeam "SV Dresden-Leuben"]
[BlackTeam "SC Borussia Lichtenberg"]
[PlyCount "102"]
[WhiteFideId "16236939"]
[BlackFideId "16228936"]
[EventCountry "GER"]
[EventRounds "7"]
[EventType "team-swiss"]
[EventDate "2018.12.26"]

1. c4 {[%clk 1:30:59]} Nf6 {[%clk 1:30:45]} 2. Nc3 {[%clk 1:31:22]} g6 {[%clk
1:31:05]} 3. g3 Bg7 {[%clk 1:31:27]} 4. Bg2 {[%clk 1:32:10]} d6 {[%clk
1:31:48]} 5. e4 {[%clk 1:32:04]} O-O {[%clk 1:32:08]} 6. Nge2 {[%clk 1:32:33]}
c5 {[%clk 1:32:31]} 7. O-O {[%clk 1:32:50]} Nc6 {[%clk 1:32:54]} 8. f4 {[%clk
1:33:08]} a6 {[%clk 1:31:16]} 9. d3 {[%clk 1:32:35]} Rb8 {[%clk 1:30:51]} 10.
h3 {[%clk 1:32:27]} Qc7 {[%clk 1:31:08]} 11. g4 {[%clk 1:32:02]} b5 {[%clk
1:30:25]} 12. g5 {[%clk 1:30:52]} Nh5 {[%clk 1:26:41]} 13. Nd5 {[%clk 1:30:08]}
Qa7 {[%clk 1:25:00]} 14. f5 {[%clk 1:29:43]} Be5 {[%clk 1:22:00]} 15. Ndf4
{[%clk 1:23:17]} Ng7 {[%clk 1:16:44]} 16. fxg6 {[%clk 1:12:21]} fxg6 {[%clk
1:16:16]} 17. Nd5 {[%clk 1:10:34]} Rxf1+ {[%clk 1:14:56]} 18. Qxf1 {[%clk
1:10:42]} Bd7 {[%clk 1:13:40]} 19. Rb1 {[%clk 1:10:08]} Rf8 {[%clk 1:13:42]}
20. Qe1 {[%clk 1:09:34]} e6 {[%clk 1:09:17]} 21. Ne3 {[%clk 1:06:33]} Nh5
{[%clk 1:05:30]} 22. Ng4 {[%clk 1:06:39]} Bg7 {[%clk 1:05:34]} 23. Be3 {[%clk
1:02:28]} bxc4 {[%clk 1:05:09]} 24. dxc4 {[%clk 1:02:45]} Nd4 {[%clk 1:02:34]}
25. Qd1 {[%clk 0:59:07]} Bc6 {[%clk 0:59:32]} 26. Qd3 {[%clk 0:58:27]} e5
{[%clk 0:58:09]} 27. Nc3 {[%clk 0:53:23]} Nf4 {[%clk 0:56:55]} 28. Qd2 {[%clk
0:51:20]} Qb7 {[%clk 0:56:13]} 29. Bxf4 {[%clk 0:49:04]} exf4 {[%clk 0:52:40]}
30. Nd5 {[%clk 0:46:43]} Bxd5 {[%clk 0:52:56]} 31. exd5 {[%clk 0:46:53]} f3
{[%clk 0:51:20]} 32. Bf1 {[%clk 0:46:55]} Qf7 {[%clk 0:50:31]} 33. Qh2 {[%clk
0:42:18]} Qf5 {[%clk 0:47:55]} 34. Rd1 {[%clk 0:37:59]} f2+ {[%clk 0:47:28]}
35. Qxf2 {[%clk 0:38:09]} Nf3+ {[%clk 0:45:20]} 36. Kh1 {[%clk 0:37:47]} Bd4
{[%clk 0:45:43]} 37. Nh6+ {[%clk 0:38:11]} Kh8 {[%clk 0:45:52]} 38. Nxf5 {[%clk
0:36:29]} Bxf2 {[%clk 0:46:11]} 39. Nxd6 {[%clk 0:35:52]} Be3 {[%clk 0:46:26]}
40. Ne4 {[%clk 0:35:44]} Nxg5 {[%clk 0:46:39]} 41. Nxg5 {[%clk 0:35:57]} Bxg5
{[%clk 0:47:03]} 42. d6 {[%clk 0:36:10]} Rf2 {[%clk 0:45:44]} 43. d7 {[%clk
0:36:20]} Bd8 {[%clk 0:45:47]} 44. Re1 {[%clk 0:36:33]} Kg7 {[%clk 0:46:10]}
45. Be2 {[%clk 0:35:34]} Kf6 {[%clk 0:45:57]} 46. Kg1 {[%clk 0:35:48]} Rf5
{[%clk 0:46:04]} 47. Bg4 {[%clk 0:33:28]} Re5 {[%clk 0:46:24]} 48. Rd1 {[%clk
0:33:48]} Re4 {[%clk 0:46:29]} 49. b3 {[%clk 0:34:13]} Ke7 {[%clk 0:46:45]} 50.
Bf3 {[%clk 0:34:11]} Rf4 {[%clk 0:46:19]} 51. Bc6 {[%clk 0:34:08]} Rf6 {[%clk
0:43:18]} 1/2-1/2

[Event "DVM U12 2018"]
[Site "Magdeburg GER"]
[Date "2018.12.29"]
[Round "6"]
[White "Ermitsch, Magnus"]
[Black "Wiedersich, Hendryk"]
[Result "0-1"]
[Termination "normal"]
[Board "3.2"]
[WhiteElo "1627"]
[BlackElo "1509"]
[WhiteClock "00:58:38"]
[BlackClock "01:07:10"]
[WhiteTeam "SC Borussia Lichtenberg"]
[BlackTeam "SV Dresden-Leuben"]
[PlyCount "58"]
[WhiteFideId "16234464"]
[BlackFideId "16255399"]
[EventCountry "GER"]
[EventRounds "7"]
[EventType "team-swiss"]
[EventDate "2018.12.26"]

1. e4 {[%clk 1:29:57]} c5 {[%clk 1:30:52]} 2. Nf3 {[%clk 1:29:02]} d6 {[%clk
1:31:11]} 3. d4 {[%clk 1:28:52]} cxd4 {[%clk 1:31:34]} 4. Qxd4 {[%clk 1:28:23]}
Qc7 {[%clk 1:29:45]} 5. Nc3 {[%clk 1:27:43]} Nf6 {[%clk 1:29:49]} 6. Bg5 {[%clk
1:27:05]} e5 {[%clk 1:29:45]} 7. Qd2 {[%clk 1:27:13]} Be7 {[%clk 1:29:57]} 8.
O-O-O {[%clk 1:26:45]} a6 {[%clk 1:28:35]} 9. Bxf6 {[%clk 1:26:17]} gxf6 {[%clk
1:28:56]} 10. Nd5 {[%clk 1:25:56]} Qc6 {[%clk 1:28:36]} 11. Qh6 {[%clk
1:23:38]} Nd7 {[%clk 1:25:20]} 12. Nh4 {[%clk 1:22:19]} Bf8 {[%clk 1:25:09]}
13. Qd2 {[%clk 1:19:32]} b5 {[%clk 1:21:52]} 14. Nf5 {[%clk 1:18:33]} Bb7
{[%clk 1:21:37]} 15. f3 {[%clk 1:14:06]} Rc8 {[%clk 1:17:01]} 16. h4 {[%clk
1:12:28]} h5 {[%clk 1:16:57]} 17. g4 {[%clk 1:09:50]} a5 {[%clk 1:14:48]} 18.
g5 {[%clk 1:08:50]} fxg5 {[%clk 1:14:34]} 19. hxg5 {[%clk 1:09:07]} Qc5 {[%clk
1:13:22]} 20. Nf6+ {[%clk 1:07:43]} Nxf6 {[%clk 1:13:14]} 21. gxf6 {[%clk
1:08:02]} Rc6 {[%clk 1:12:21]} 22. Kb1 {[%clk 1:00:39]} Bc8 {[%clk 1:07:53]}
23. Ng7+ {[%clk 0:59:36]} Bxg7 {[%clk 1:07:37]} 24. fxg7 {[%clk 0:59:51]} Rg8
{[%clk 1:08:02]} 25. Rxh5 {[%clk 0:58:39]} Rxg7 {[%clk 1:08:17]} 26. f4 {[%clk
0:57:41]} Bg4 {[%clk 1:07:19]} 27. Rxe5+ {[%clk 0:57:48]} Qxe5 {[%clk 1:06:39]}
28. fxe5 {[%clk 0:58:12]} Bxd1 {[%clk 1:06:59]} 29. Bxb5 {[%clk 0:58:38]} Bxc2+
{[%clk 1:07:10]} 0-1

[Event "DVM U12 2018"]
[Site "Magdeburg GER"]
[Date "2018.12.29"]
[Round "6"]
[White "Hentschel, Lena"]
[Black "Zielke, Ansgar"]
[Result "1-0"]
[Termination "normal"]
[Board "3.3"]
[WhiteElo "1539"]
[BlackElo "1642"]
[WhiteClock "01:00:45"]
[BlackClock "00:21:27"]
[WhiteTeam "SV Dresden-Leuben"]
[BlackTeam "SC Borussia Lichtenberg"]
[PlyCount "69"]
[WhiteFideId "16240324"]
[BlackFideId "16244800"]
[EventCountry "GER"]
[EventRounds "7"]
[EventType "team-swiss"]
[EventDate "2018.12.26"]

1. d4 {[%clk 1:30:56]} Nf6 {[%clk 1:30:26]} 2. Nf3 {[%clk 1:30:53]} d6 {[%clk
1:30:35]} 3. Bf4 {[%clk 1:30:52]} g6 {[%clk 1:30:22]} 4. e3 {[%clk 1:30:36]}
Bg7 {[%clk 1:29:22]} 5. Be2 {[%clk 1:29:58]} Nbd7 {[%clk 1:28:07]} 6. O-O
{[%clk 1:29:40]} O-O {[%clk 1:27:15]} 7. c3 {[%clk 1:28:31]} Re8 {[%clk
1:22:15]} 8. Nbd2 {[%clk 1:26:55]} c5 {[%clk 1:08:11]} 9. Bg3 {[%clk 1:23:35]}
b6 {[%clk 1:04:00]} 10. Rc1 {[%clk 1:18:31]} Bb7 {[%clk 1:03:37]} 11. Qc2
{[%clk 1:13:22]} Rc8 {[%clk 1:03:29]} 12. Bd3 {[%clk 1:11:20]} e5 {[%clk
1:00:21]} 13. dxe5 {[%clk 1:10:47]} dxe5 {[%clk 1:00:13]} 14. Ne4 {[%clk
1:09:20]} Nxe4 {[%clk 0:56:20]} 15. Bxe4 {[%clk 1:09:37]} Bxe4 {[%clk 0:50:40]}
16. Qxe4 Qc7 {[%clk 0:46:15]} 17. Qc4 {[%clk 1:06:49]} Qc6 {[%clk 0:42:14]} 18.
Rfd1 {[%clk 1:06:06]} Rcd8 {[%clk 0:40:41]} 19. Qd5 {[%clk 1:02:24]} Qxd5
{[%clk 0:39:11]} 20. Rxd5 {[%clk 1:02:44]} e4 {[%clk 0:38:29]} 21. Bc7 {[%clk
1:00:22]} exf3 {[%clk 0:24:20]} 22. Bxd8 {[%clk 1:00:37]} Rxd8 {[%clk 0:24:38]}
23. Rcd1 {[%clk 1:01:00]} Ra8 {[%clk 0:20:56]} 24. Rxd7 {[%clk 1:01:10]} Bf6
{[%clk 0:20:55]} 25. gxf3 {[%clk 1:01:14]} Kf8 {[%clk 0:21:11]} 26. Rb7 {[%clk
1:01:21]} Be7 {[%clk 0:19:08]} 27. Rdd7 {[%clk 1:01:14]} Re8 {[%clk 0:19:14]}
28. Rxa7 {[%clk 1:01:27]} b5 {[%clk 0:19:28]} 29. Rdb7 {[%clk 1:00:20]} b4
{[%clk 0:19:51]} 30. cxb4 {[%clk 1:00:30]} cxb4 {[%clk 0:20:06]} 31. a3 {[%clk
1:00:36]} bxa3 {[%clk 0:20:31]} 32. bxa3 {[%clk 1:00:29]} h5 {[%clk 0:20:45]}
33. a4 {[%clk 1:00:38]} g5 {[%clk 0:21:02]} 34. a5 {[%clk 1:00:31]} f5 {[%clk
0:21:27]} 35. Rxe7 {[%clk 1:00:45]} 1-0

[Event "DVM U12 2018"]
[Site "Magdeburg GER"]
[Date "2018.12.29"]
[Round "6"]
[White "Bungarten, Jona"]
[Black "Schwartz, Oliver"]
[Result "1-0"]
[Termination "normal"]
[Board "4.1"]
[WhiteElo "1609"]
[BlackElo "1603"]
[WhiteClock "01:37:39"]
[BlackClock "00:26:28"]
[WhiteTeam "SF Brackel"]
[BlackTeam "SC Ostfildern"]
[PlyCount "135"]
[WhiteFideId "16223608"]
[BlackFideId "16207459"]
[EventCountry "GER"]
[EventRounds "7"]
[EventType "team-swiss"]
[EventDate "2018.12.26"]

1. e4 {[%clk 1:30:59]} c5 {[%clk 1:30:49]} 2. d4 {[%clk 1:31:20]} cxd4 {[%clk
1:31:14]} 3. c3 {[%clk 1:31:45]} dxc3 {[%clk 1:31:32]} 4. Nxc3 {[%clk 1:32:09]}
Nc6 {[%clk 1:31:55]} 5. Nf3 {[%clk 1:32:37]} e6 {[%clk 1:32:15]} 6. Bc4 {[%clk
1:32:59]} Qc7 {[%clk 1:32:37]} 7. g3 {[%clk 1:26:07]} Nf6 {[%clk 1:30:26]} 8.
O-O {[%clk 1:26:05]} a6 {[%clk 1:24:06]} 9. Qe2 {[%clk 1:25:47]} Be7 {[%clk
1:17:19]} 10. Bf4 {[%clk 1:25:22]} d6 {[%clk 1:16:49]} 11. Rfe1 {[%clk
1:24:33]} Nh5 {[%clk 1:10:49]} 12. Be3 {[%clk 1:20:32]} O-O {[%clk 1:07:12]}
13. Rac1 {[%clk 1:20:38]} Nf6 {[%clk 1:04:39]} 14. Bb3 {[%clk 1:20:36]} Qa5
{[%clk 0:53:38]} 15. Na4 {[%clk 1:17:01]} Nd7 {[%clk 0:45:50]} 16. Red1 {[%clk
1:16:39]} Nce5 {[%clk 0:42:45]} 17. Nxe5 {[%clk 1:16:54]} Qxe5 {[%clk 0:38:10]}
18. Bf4 {[%clk 1:16:46]} Qf6 {[%clk 0:37:54]} 19. Bxd6 {[%clk 1:16:35]} b5
{[%clk 0:37:22]} 20. Nc3 {[%clk 1:16:21]} Bxd6 {[%clk 0:32:20]} 21. Rxd6 {[%clk
1:16:39]} Ne5 {[%clk 0:32:24]} 22. f4 {[%clk 1:16:39]} Ng6 {[%clk 0:32:33]} 23.
Rcd1 {[%clk 1:13:25]} Bb7 {[%clk 0:31:35]} 24. Rb6 {[%clk 1:12:13]} Qe7 {[%clk
0:30:22]} 25. Rbd6 {[%clk 1:11:50]} Qf6 {[%clk 0:28:58]} 26. Bc2 {[%clk
1:11:34]} Rfd8 {[%clk 0:27:57]} 27. Rd7 {[%clk 1:11:01]} Bc6 {[%clk 0:19:41]}
28. e5 {[%clk 1:10:09]} Nxf4 {[%clk 0:19:11]} 29. Rxd8+ {[%clk 1:10:33]} Rxd8
{[%clk 0:19:31]} 30. Rxd8+ {[%clk 1:10:58]} Qxd8 {[%clk 0:19:50]} 31. gxf4
{[%clk 1:11:19]} Qh4 {[%clk 0:19:15]} 32. Be4 {[%clk 1:11:03]} Bxe4 {[%clk
0:18:09]} 33. Qxe4 {[%clk 1:11:32]} h6 {[%clk 0:17:57]} 34. Qe3 {[%clk
1:09:37]} Qg4+ {[%clk 0:17:36]} 35. Qg3 {[%clk 1:09:54]} Qf5 {[%clk 0:17:48]}
36. Qf3 {[%clk 1:08:28]} g6 {[%clk 0:17:17]} 37. Ne4 {[%clk 1:08:21]} g5 {[%clk
0:12:48]} 38. Qd3 {[%clk 1:05:46]} Kg7 {[%clk 0:06:15]} 39. fxg5 {[%clk
1:05:37]} hxg5 {[%clk 0:06:23]} 40. Qe3 {[%clk 1:05:14]} Qg4+ {[%clk 0:06:03]}
41. Ng3 {[%clk 1:05:09]} Qd1+ {[%clk 0:06:02]} 42. Kg2 {[%clk 1:04:44]} Qc2+
{[%clk 0:03:40]} 43. Qe2 {[%clk 1:04:27]} Qc6+ {[%clk 0:03:40]} 44. Qe4 {[%clk
1:04:41]} Qc1 {[%clk 0:01:47]} 45. Nh5+ {[%clk 1:02:34]} Kh6 {[%clk 0:01:53]}
46. Nf6 {[%clk 1:02:31]} Qxb2+ {[%clk 0:24:37]} 47. Kg3 {[%clk 1:32:32]} Qc3+
{[%clk 0:24:48]} 48. Kg4 {[%clk 1:32:53]} Qc4 {[%clk 0:25:10]} 49. Qxc4 {[%clk
1:33:16]} bxc4 {[%clk 0:25:35]} 50. Ne4 {[%clk 1:32:54]} Kg6 {[%clk 0:25:51]}
51. a3 {[%clk 1:33:10]} Kh6 {[%clk 0:24:53]} 52. Kf3 {[%clk 1:33:13]} Kg6
{[%clk 0:25:17]} 53. Ng3 {[%clk 1:33:32]} c3 {[%clk 0:24:06]} 54. Ke3 {[%clk
1:33:48]} c2 {[%clk 0:24:06]} 55. Kd2 {[%clk 1:34:08]} c1=Q+ {[%clk 0:24:08]}
56. Kxc1 {[%clk 1:34:36]} g4 {[%clk 0:24:30]} 57. Kd2 {[%clk 1:34:56]} Kg5
{[%clk 0:24:55]} 58. Ke3 {[%clk 1:35:20]} Kh4 {[%clk 0:24:58]} 59. Kf4 {[%clk
1:35:16]} Kh3 {[%clk 0:24:10]} 60. Ne4 {[%clk 1:35:26]} Kxh2 {[%clk 0:24:13]}
61. Kxg4 {[%clk 1:35:48]} Kg2 {[%clk 0:24:21]} 62. Nd6 {[%clk 1:36:11]} Kf2
{[%clk 0:24:45]} 63. Kf4 {[%clk 1:36:32]} Ke2 {[%clk 0:25:01]} 64. Nxf7 {[%clk
1:36:53]} Kd3 {[%clk 0:25:18]} 65. Nd8 {[%clk 1:36:28]} Kc3 {[%clk 0:25:37]}
66. Nxe6 {[%clk 1:36:51]} Kb3 {[%clk 0:26:04]} 67. Nc5+ {[%clk 1:37:16]} Kxa3
{[%clk 0:26:28]} 68. Nxa6 {[%clk 1:37:39]} 1-0

[Event "DVM U12 2018"]
[Site "Magdeburg GER"]
[Date "2018.12.29"]
[Round "6"]
[White "Chugunov, Ivan"]
[Black "Tomasjan, Samuel"]
[Result "0-1"]
[Termination "normal"]
[Board "4.2"]
[WhiteElo "1359"]
[BlackElo "1435"]
[WhiteClock "01:10:49"]
[BlackClock "00:52:39"]
[WhiteTeam "SC Ostfildern"]
[BlackTeam "SF Brackel"]
[PlyCount "52"]
[WhiteFideId "16256808"]
[BlackFideId "16235584"]
[EventCountry "GER"]
[EventRounds "7"]
[EventType "team-swiss"]
[EventDate "2018.12.26"]

1. e4 {[%clk 1:30:58]} e5 {[%clk 1:31:16]} 2. Bc4 {[%clk 1:31:16]} Nc6 {[%clk
1:31:25]} 3. Nc3 {[%clk 1:31:10]} Nf6 {[%clk 1:31:45]} 4. d3 {[%clk 1:31:31]}
Bc5 {[%clk 1:31:07]} 5. Bg5 {[%clk 1:31:46]} d6 {[%clk 1:30:44]} 6. h3 {[%clk
1:32:09]} Be6 {[%clk 1:29:13]} 7. Nd5 {[%clk 1:32:13]} Bxd5 {[%clk 1:28:30]} 8.
Bxd5 {[%clk 1:32:27]} Qd7 {[%clk 1:24:02]} 9. Bb3 {[%clk 1:32:29]} O-O-O {[%clk
1:21:58]} 10. Qd2 {[%clk 1:27:37]} h6 {[%clk 1:21:16]} 11. Bh4 {[%clk 1:27:50]}
g5 {[%clk 1:19:36]} 12. Bg3 {[%clk 1:27:26]} d5 {[%clk 1:17:24]} 13. O-O-O
{[%clk 1:25:53]} dxe4 {[%clk 1:16:47]} 14. h4 {[%clk 1:20:58]} Rhg8 {[%clk
1:08:28]} 15. hxg5 {[%clk 1:20:00]} hxg5 {[%clk 1:08:09]} 16. Nh3 {[%clk
1:19:05]} g4 {[%clk 1:07:15]} 17. Ng5 {[%clk 1:19:11]} e3 {[%clk 1:07:08]} 18.
fxe3 {[%clk 1:17:52]} Rxg5 {[%clk 1:06:28]} 19. Bh4 {[%clk 1:18:16]} Rg6 {[%clk
1:05:52]} 20. Qf2 {[%clk 1:18:34]} Be7 {[%clk 1:05:15]} 21. Bxf7 {[%clk
1:18:33]} Rg7 {[%clk 1:04:58]} 22. Bb3 {[%clk 1:17:37]} Nd5 {[%clk 0:58:27]}
23. e4 {[%clk 1:16:09]} Nf4 {[%clk 0:55:40]} 24. g3 {[%clk 1:14:20]} Nh3 {[%clk
0:54:44]} 25. Qe3 {[%clk 1:13:34]} Bxh4 {[%clk 0:52:24]} 26. Qh6 {[%clk
1:10:49]} Bg5+ {[%clk 0:52:39]} 0-1

[Event "DVM U12 2018"]
[Site "Magdeburg GER"]
[Date "2018.12.29"]
[Round "6"]
[White "Römer, Alois"]
[Black "Walter, Romeo"]
[Result "1/2-1/2"]
[Termination "normal"]
[Board "4.3"]
[WhiteElo "1444"]
[BlackElo "1268"]
[WhiteClock "00:39:46"]
[BlackClock "00:17:07"]
[WhiteTeam "SF Brackel"]
[BlackTeam "SC Ostfildern"]
[PlyCount "65"]
[WhiteFideId "16255607"]
[BlackFideId "16275055"]
[EventCountry "GER"]
[EventRounds "7"]
[EventType "team-swiss"]
[EventDate "2018.12.26"]

1. e4 e6 {[%clk 1:30:55]} 2. d4 {[%clk 1:31:14]} d5 {[%clk 1:31:24]} 3. Nd2
{[%clk 1:31:38]} c5 {[%clk 1:31:06]} 4. exd5 {[%clk 1:31:58]} exd5 {[%clk
1:31:17]} 5. Ngf3 {[%clk 1:31:41]} Nc6 {[%clk 1:27:37]} 6. dxc5 {[%clk
1:28:25]} Bxc5 {[%clk 1:27:37]} 7. Nb3 {[%clk 1:28:48]} Bb6 {[%clk 1:24:09]} 8.
h3 {[%clk 1:28:10]} Nf6 {[%clk 1:22:57]} 9. Bg5 {[%clk 1:28:06]} h6 {[%clk
1:23:19]} 10. Bh4 {[%clk 1:28:08]} O-O {[%clk 1:23:14]} 11. c3 {[%clk 1:27:14]}
Re8+ {[%clk 1:23:23]} 12. Be2 {[%clk 1:27:37]} Bf5 {[%clk 1:14:03]} 13. O-O
{[%clk 1:26:47]} Qd6 {[%clk 1:08:18]} 14. Bg3 {[%clk 1:23:08]} Qd8 {[%clk
1:07:40]} 15. Bd3 {[%clk 1:18:47]} Bxd3 16. Qxd3 {[%clk 1:18:27]} Nh5 {[%clk
1:01:26]} 17. Bh2 {[%clk 1:17:07]} Rc8 {[%clk 0:57:32]} 18. Rfe1 {[%clk
1:14:19]} Qd7 {[%clk 0:48:51]} 19. Rad1 {[%clk 1:10:52]} Nf6 {[%clk 0:48:48]}
20. Ne5 {[%clk 1:06:09]} Nxe5 {[%clk 0:43:49]} 21. Bxe5 {[%clk 1:00:54]} Re6
{[%clk 0:41:12]} 22. Bxf6 {[%clk 1:00:16]} Rxf6 {[%clk 0:41:32]} 23. Rf1 {[%clk
0:58:58]} Qf5 {[%clk 0:34:49]} 24. Qxf5 {[%clk 0:54:13]} Rxf5 {[%clk 0:35:11]}
25. Nd4 {[%clk 0:54:12]} Bxd4 {[%clk 0:34:40]} 26. Rxd4 {[%clk 0:54:32]} Rc4
{[%clk 0:34:22]} 27. Rfd1 {[%clk 0:54:29]} Rc5 {[%clk 0:31:20]} 28. Ra4 {[%clk
0:51:03]} a5 {[%clk 0:26:26]} 29. Rad4 {[%clk 0:49:38]} f6 {[%clk 0:24:35]} 30.
f4 {[%clk 0:47:24]} g5 {[%clk 0:20:28]} 31. g3 {[%clk 0:41:52]} Kf7 {[%clk
0:18:07]} 32. Kf2 {[%clk 0:41:12]} h5 {[%clk 0:17:07]} 33. Kf3 {[%clk 0:39:46]}
1/2-1/2